Women in agriculture N.2 Women in rice-farming systems
Guardat en:
| Autor principal: | |
|---|---|
| Format: | Llibre |
| Idioma: | Undetermined |
| Publicat: |
Rome
FAO
1984
|
| Matèries: | |
| Etiquetes: |
Afegir etiqueta
Sense etiquetes, Sigues el primer a etiquetar aquest registre!
|
| Thư viện lưu trữ: | Trung tâm Học liệu Trường Đại học Cần Thơ |
|---|
| LEADER | 00528nam a2200193Ia 4500 | ||
|---|---|---|---|
| 001 | CTU_3669 | ||
| 008 | 210402s9999 xx 000 0 und d | ||
| 082 | |a 331 | ||
| 082 | |b W872/N.2 | ||
| 100 | |a Jennie Dey | ||
| 245 | 0 | |a Women in agriculture N.2 | |
| 245 | 0 | |b Women in rice-farming systems | |
| 245 | 0 | |c Jennie Dey | |
| 260 | |a Rome | ||
| 260 | |b FAO | ||
| 260 | |c 1984 | ||
| 650 | |a businesswomen,labor economics | ||
| 904 | |i Nguyễn Quang Điền, 960530 | ||
| 980 | |a Trung tâm Học liệu Trường Đại học Cần Thơ | ||